Психология отношения человека к жизнедеятельности: проблемы и перспективы (Запись № 11220023)

Подробности
000 -МАРКЕР
контрольное поле 02803nam0a2200397 i 4500
001 - ИДЕНТИФИКАТОР ЗАПИСИ
контрольное поле RU\NLR\BIBL_A\011346335
005 - ИДЕНТИФИКАТОР ВЕРСИИ
контрольное поле 20260406081626.0
010 ## - МЕЖДУНАРОДНЫЙ СТАНДАРТНЫЙ НОМЕР КНИГИ (ISBN)
Номер (ISBN) 9785831109863
Тираж 1000
021 ## - НОМЕР ГОСУДАРСТВЕННОЙ РЕГИСТРАЦИИ
Код страны Российская Федерация
Номер 2017-9380
Номер Листа государственной регистраци 687
035 ## - ДРУГИЕ СИСТЕМНЫЕ НОМЕРА
Идентификатор записи (NLR Aleph) 011346335
100 ## - ДАННЫЕ ОБЩЕЙ ОБРАБОТКИ
Данные общей обработки 20170315d2016 k y0rusy50 ca
101 0# - ЯЗЫК РЕСУРСА
Язык текста, звукозаписи и т.д. русский
-- английский
102 ## - СТРАНА ПУБЛИКАЦИИ ИЛИ ПРОИЗВОДСТВА
Страна публикации Российская Федерация
105 ## - ПОЛЕ КОДИРОВАННЫХ ДАННЫХ: ТЕКСТОВЫЕ МАТЕРИАЛЫ, МОНОГРАФИЧЕСКИЕ
Кодированные данные о монографическом текстовом документе y z 100zy
200 1# - ЗАГЛАВИЕ И СВЕДЕНИЯ ОБ ОТВЕТСТВЕННОСТИ
Основное заглавие Психология отношения человека к жизнедеятельности: проблемы и перспективы
Параллельное заглавие Psychology of a person's attitude to ability to live: problems and prospects
Сведения, относящиеся к заглавию тезисы докладов Международной научно-практической конференции, 10-13 июля 2016 г., г. Владимир
Первые сведения об ответственности [редакционная коллегия: А.Л. Журавлев, д.психол.н., проф. (отв. ред.) и др.]
Язык параллельного заглавия английский
210 ## - ПУБЛИКАЦИЯ, РАСПРОСТРАНЕНИЕ И ДР.
Место издания, распространения и т.д. Москва
-- Владимир
Имя издателя, распространителя и т. д. Транзит-ИКС
Дата издания, распространения и т.д. 2016
215 ## - ФИЗИЧЕСКАЯ ХАРАКТЕРИСТИКА
Специфическое обозначение материала и объем 218 с.
Размеры 20
300 ## - ОБЩИЕ ПРИМЕЧАНИЯ
Текст примечания В надзаг.: М-во образования и науки Рос. Федерации, Федер. гос. бюджет. образоват. учреждение высш. образования "Владимир. гос. ун-т им. А.Г. и Н.Г. Столетовых", Гуманитар. Ин-т, Ин-т психологии Рос. Акад. Наук, Ун-т г. Жешув (Польша), Костром. гос. ун-т им. Н.А. Некрасова
300 ## - ОБЩИЕ ПРИМЕЧАНИЯ
Текст примечания Часть текста на англ. яз.
320 ## - ПРИМЕЧАНИЯ О НАЛИЧИИ В ДОКУМЕНТЕ БИБЛИОГРАФИИ / УКАЗАТЕЛЯ
Текст примечания Библиогр. в конце ст.
510 1# - ПАРАЛЛЕЛЬНОЕ ЗАГЛАВИЕ
Параллельное заглавие Psychology of a person's attitude to ability to live: problems and prospects
Язык заглавия английский
606 ## - НАИМЕНОВАНИЕ ТЕМЫ КАК ПРЕДМЕТ
Наименование темы Психология отношений
Формальный подзаголовок Съезды, совещания и т.п
Системный номер авторитетной/нормативной записи 2084728
Идентификатор авторитетной/нормативной записи RU\NLR\AUTH\661260823
606 ## - НАИМЕНОВАНИЕ ТЕМЫ КАК ПРЕДМЕТ
Наименование темы Педагогическая психология
Формальный подзаголовок Съезды, совещания и т.п
Системный номер авторитетной/нормативной записи 1006945
Идентификатор авторитетной/нормативной записи RU\NLR\AUTH\6665004
686 1# - ИНДЕКСЫ ДРУГИХ КЛАССИФИКАЦИЙ
Индекс С581я431
686 1# - ИНДЕКСЫ ДРУГИХ КЛАССИФИКАЦИЙ
Индекс Ю937.235я431
686 1# - ИНДЕКСЫ ДРУГИХ КЛАССИФИКАЦИЙ
Индекс Ю940я431
686 1# - ИНДЕКСЫ ДРУГИХ КЛАССИФИКАЦИЙ
Индекс Ю984.0я431
702 #1 - ИМЯ ЛИЦА - ВТОРИЧНАЯ ОТВЕТСТВЕННОСТЬ
Код отношения Редактор
Графика поля Кириллица
Материалы, к которым относится поле rus
Начальный элемент ввода Журавлев
Часть имени, кроме начального элемента ввода А. Л.
Дополнения к именам, кроме дат психолог
Даты 1948-
Расширение инициалов личного имени Анатолий Лактионович
Системный номер авторитетной/нормативной записи 28910
Идентификатор авторитетной/нормативной записи RU\NLR\AUTH\7745975
711 12 - НАИМЕНОВАНИЕ ОРГАНИЗАЦИИ - АЛЬТЕРНАТИВНАЯ ОТВЕТСТВЕННОСТЬ
Начальный элемент ввода "Психология отношения человека к жизнедеятельности: проблемы и перспективы", международная научно-практическая конференция
Место проведения временной организации Владимир
Дата проведения временной организации 2016
Системный номер авторитетной/нормативной записи 552374
Идентификатор авторитетной/нормативной записи RU\NLR\AUTH\880444200
942 ## - ДОПОЛНИТЕЛЬНЫЕ ЭЛЕМЕНТЫ ЗАПИСИ (АБИС)
Тип экземпляра АБИС Книга
980 ## - КОЛЛЕКЦИЯ
Название коллекции НБР

Нет доступных экземпляров.